00381nam a2200145Ia 4500003000400000008004100004040001600045082001600061100001900077245005000096260002800146300001000174650001600184650003500200GCL140319s9999 xx 000 0 eng d aGCL / cGCL04a005.43bS C1 aSHAMMAS, NAMIR10aCRASH COURSE IN TURLO C TT / cSHAMMAS, NAMIR a[S.N] : bQUE ، c1993 a224 P04aPROGRAMMING04aTURBC TT(COMPUTER PROFAM LANGU